00672nam a2200241 a 4500001001300000003000900013005001700022008004100039020001000080082001800090100002200108245001700130260004600147300000800193500003500201505002800236650001600264700002200280902000800302942000700310952009800317999001500415nice12345678IN_TiNIC20260116011517.0050524s1925 dela grp 000 0 urd  ac10000a891.4391bAKB aAkbar, Allahabadi aNazm-E-Ilham aDelhi bPayam-E-mashriq Book Depot c1925 a16p aincludes index and biblioraphy2 aHand Written Manuscript aUrdu-Poetry1 aAkbar, Allahabadi bSRS cBK 00104070aHMIbHMId2007-06-22g100.00l0o891.4391 AKBp4939r2007-06-22w2026-01-16yARB c2181d2181